[Event "Kalyan op 2nd"]
[Site "Kalyan"]
[Date "2019.01.30"]
[Round "2"]
[White "Parkar, Mandar"]
[Black "Shivshankar, Iyer S"]
[Result "0-1"]
[WhiteElo "1239"]
[BlackElo "1619"]
[PlyCount "60"]
[EventDate "2019.01.29"]
[EventType "swiss"]
[EventRounds "10"]
[EventCountry "IND"]
[SourceTitle "CBM 188 Extra"]
[Source "ChessBase"]
[SourceDate "2019.02.26"]
[SourceVersion "1"]
[SourceVersionDate "2019.02.26"]
[SourceQuality "1"]

1. e4 c5 2. Nc3 Nc6 3. g3 g6 4. Bg2 Bg7 5. Nge2 d6 6. h3 Bd7 7. 0-0 h5 8. d3 a6 9. Nd5 e6 10. Ne3 Nge7 11. Kh2 Qc7 12. f4 f5 13. h4 0-0-0 14. c4 Be8 15. Rb1 Bf7 16. Bd2 fxe4 17. dxe4 d5 18. cxd5 exd5 19. e5 d4 20. Bh3+ Kb8 21. Ng2 Bd5 22. a3 b6 23. Ne1 Be4 24. Ra1 Nd5 25. Nf3 Bh6 26. Nc1 Rhe8 27. Re1 Bxf3 28. Qxf3 Nxe5 29. Qb3 c4 30. Qa4 Nf3+ 0-1